A lelki kényszer a bírói gyakorlatban
Elmentve itt :
| Szerző: | |
|---|---|
| Dokumentumtípus: | Cikk |
| Megjelent: |
1930
|
| Sorozat: | Polgári jog : a hazai és külföldi magánjog és hiteljog szemléje
6 |
| Kulcsszavak: | Kényszerítés |
| Online Access: | http://misc.bibl.u-szeged.hu/5555 |
| LEADER | 00611nab a2200169 i 4500 | ||
|---|---|---|---|
| 001 | misc5555 | ||
| 005 | 20191106142655.0 | ||
| 008 | 170607s1930 hu o 0|| hun d | ||
| 040 | |a SZTE Miscellanea Repozitórium |b hun | ||
| 041 | |a hun | ||
| 100 | 1 | |a Szigeti László | |
| 245 | 1 | 2 | |a A lelki kényszer a bírói gyakorlatban |h [elektronikus dokumentum] / |c Szigeti László |
| 260 | |c 1930 | ||
| 300 | |a 245-248a | ||
| 490 | 0 | |a Polgári jog : a hazai és külföldi magánjog és hiteljog szemléje |v 6 | |
| 695 | |a Kényszerítés | ||
| 856 | 4 | 0 | |u http://misc.bibl.u-szeged.hu/5555/1/polgari_jog_1930_245-248a.pdf |z Dokumentum-elérés |